000 00310nam a2200121Ia 4500
008 190216s9999||||xx |||||||||||||| ||und||
100 _aSastry S S
245 0 _aIntroductory Methods Of Numerical Analysis
260 _bPrentice Hall Of India Pvt Ltd
_c2004
300 _a380
650 _aPhysics
942 _cBK
999 _c33839
_d33839